000 00300nam a22001337a 4500
008 170811b xxu||||| |||| 00| 0 eng d
020 _a0827312814
041 _aeng
080 _a51
100 _a36
101 _aMAT
245 _aPRACTICAL PROBLEMS IN MATHEMATICS
_cHOFFMAN,E.G
942 _2udc
_cBK
999 _c23237
_d23237